<?xml version="1.0" encoding="UTF-8"?>
<collection xmlns="http://www.loc.gov/MARC21/slim">
    <record>
        <controlfield tag="001">77814</controlfield>
        <controlfield tag="005">20190226114809.0</controlfield>
        <datafield tag="037" ind1=" " ind2=" ">
            <subfield code="a">TAZ-TFG-2018-2276</subfield>
        </datafield>
        <datafield tag="041" ind1=" " ind2=" ">
            <subfield code="a">spa</subfield>
        </datafield>
        <datafield tag="100" ind1="1" ind2=" ">
            <subfield code="a">Rami Rodríguez, Mónica</subfield>
        </datafield>
        <datafield tag="242" ind1="0" ind2="0">
            <subfield code="a">Study of the behaviour of red wines of native varieties in their maceration with oak fragments and aging in barrel</subfield>
        </datafield>
        <datafield tag="245" ind1="0" ind2="0">
            <subfield code="a">Estudio del comportamiento de vinos tintos de variedades autóctonas de Aragón en su maceración con fragmentos de roble y crianza en barrica</subfield>
        </datafield>
        <datafield tag="260" ind1=" " ind2=" ">
            <subfield code="a">Zaragoza</subfield>
            <subfield code="b">Universidad de Zaragoza</subfield>
            <subfield code="c">2018</subfield>
        </datafield>
        <datafield tag="506" ind1=" " ind2=" ">
            <subfield code="a">by-nc-sa</subfield>
            <subfield code="b">Creative Commons</subfield>
            <subfield code="c">3.0</subfield>
            <subfield code="u">http://creativecommons.org/licenses/by-nc-sa/3.0/</subfield>
        </datafield>
        <datafield tag="520" ind1=" " ind2=" ">
            <subfield code="a">El vino es una de las matrices químicas más complejas que existen, ya que contiene gran variedad de compuestos diferentes. En este trabajo se han estudiado 259 muestras distintas de vino, definidas por su variedad, añada, tiempo y tipo de conservación. De cada muestra se disponía de la concentración de 70 compuestos responsables del aroma del vino. Se ha utilizado la quimiometría para, mediante diferentes tests estadísticos y análisis de varianza, conocer cuáles son las variables que más influyen en el nivel de los diferentes compuestos del aroma. Se ha trabajado de forma especial con los datos de una añada, y en concreto de hexanoato de etilo, isobutirato de etilo y 4-etilfenol. La concentración del último solo varía de forma significativa dependiendo de la variedad (siendo más alta en los vinos procedentes de la variedad Vidadillo). La concentración de los dos ésteres etílicos estudiados varía significativamente con los 3 factores estudiados, e incluso son significativas las interacciones entre factores; con la excepción del hexanoato que no varía con el tipo de conservación, ni es significativa la interacción tipo x tiempo de conservación.</subfield>
        </datafield>
        <datafield tag="521" ind1=" " ind2=" ">
            <subfield code="a">Graduado en Química</subfield>
        </datafield>
        <datafield tag="540" ind1=" " ind2=" ">
            <subfield code="a">Derechos regulados por licencia Creative Commons</subfield>
        </datafield>
        <datafield tag="700" ind1=" " ind2=" ">
            <subfield code="a">Escudero Carra, Ana María</subfield>
            <subfield code="e">dir.</subfield>
        </datafield>
        <datafield tag="710" ind1="2" ind2=" ">
            <subfield code="a">Universidad de Zaragoza</subfield>
            <subfield code="b">Química Analítica</subfield>
            <subfield code="c">Química Analítica</subfield>
        </datafield>
        <datafield tag="856" ind1="0" ind2=" ">
            <subfield code="f">586141@celes.unizar.es</subfield>
        </datafield>
        <datafield tag="856" ind1="4" ind2=" ">
            <subfield code="s">1518408</subfield>
            <subfield code="u">http://zaguan.unizar.es/record/77814/files/TAZ-TFG-2018-2276.pdf</subfield>
            <subfield code="y">Memoria (spa)</subfield>
        </datafield>
        <datafield tag="856" ind1="4" ind2=" ">
            <subfield code="s">770172</subfield>
            <subfield code="u">http://zaguan.unizar.es/record/77814/files/TAZ-TFG-2018-2276_ANE.pdf</subfield>
            <subfield code="y">Anexos (spa)</subfield>
        </datafield>
        <datafield tag="909" ind1="C" ind2="O">
            <subfield code="o">oai:zaguan.unizar.es:77814</subfield>
            <subfield code="p">driver</subfield>
            <subfield code="p">trabajos-fin-grado</subfield>
        </datafield>
        <datafield tag="950" ind1=" " ind2=" ">
            <subfield code="a"></subfield>
        </datafield>
        <datafield tag="951" ind1=" " ind2=" ">
            <subfield code="a">deposita:2019-02-26</subfield>
        </datafield>
        <datafield tag="980" ind1=" " ind2=" ">
            <subfield code="a">TAZ</subfield>
            <subfield code="b">TFG</subfield>
            <subfield code="c">CIEN</subfield>
        </datafield>
        <datafield tag="999" ind1=" " ind2=" ">
            <subfield code="a">20180627181421.CREATION_DATE</subfield>
        </datafield>
    </record>

    
</collection>